| 000 | 00000nas##2200000za#4500 |
| 001 | 9.506877 |
| 003 | CaOODSP |
| 005 | 20200325092823 |
| 007 | cr ||||||||||| |
| 008 | 150406c2001||||xxc|| p o||||f| |0eng|d |
| 022 | |a1914-0258 |
| 040 | |aCaOODSP|beng |
| 043 | |an-cn--- |
| 086 | 1 |aCD2-8E-PDF |
| 110 | 1 |aCanada.|bCanadian International Development Agency. |
| 245 | 10|aSustainable development strategy |h[electronic resource] |
| 246 | 1 |iVariant title : |aCIDA's sustainable development strategy |
| 260 | |aHull - Quebec : |bCanadian International Development Agency |c2001-2007. |
| 310 | |aTriennial |
| 362 | 1 |a2001/2003 - 2007/2009 |
| 500 | |aTitle varies slightly. Subtitle varies. Ceased with 2007/2009 issue? |
| 690 | 07|aInternational cooperation|2gcpds |
| 690 | 07|aInternational development|2gcpds |
| 690 | 07|aSustainable development|2gcpds |
| 690 | 07|aForeign policy|2gcpds |
| 775 | 08|tStratégie de développement durable |w(CaOODSP)9.503273 |